| 000 | 02054nam a2200481 c 4500 | ||
|---|---|---|---|
| 999 |
_c70871 _d70871 |
||
| 003 | BLK | ||
| 005 | 20250109163123.0 | ||
| 008 | 180408b bul|||||r ||||||| ||bul|| | ||
| 010 | _aKNG00075234000 | ||
| 020 | _a954-488-100-Х | ||
| 040 | _aBLK | ||
| 041 |
_aBUL _cBUL |
||
| 072 | 7 |
_2bullib _aК _xКраезнание |
|
| 072 | 7 |
_2bullib _aЯ _xАвтографи |
|
| 080 |
_aОперни театри. Театри за опера и балет. Вж и 792.8 _b792.54 _x(497.215)(091)(093.3) _z792.54(497.215)(091)(093.3) |
||
| 100 |
_aЧендов, Георги _d1920-1987 _gФилолог, изкуствовед, режисьор. Русе _9381739 |
||
| 139 |
_aЧендов, Георги _bЧ 61 |
||
| 245 | 1 | 0 |
_aПауново перо _bПовест за младостта на една осъществена мечта, наречена Оперен театър _cГеорги Чендов; ред. Елисавета Борисова Вълчинова-Чендова. |
| 257 | _aBGR | ||
| 260 |
_bВулкан 4 _c2006 _aСофия |
||
| 300 |
_a376 с. _bс портр., сн. _c22 см |
||
| 380 | _a7 | ||
| 500 | _aСъдържа и Из репертуара за книгата Пауново перо / Константин Илиев, Серафим Северняк, Яни Милев ; За книгата Пауново перо / Боянка Арнаудова | ||
| 650 | 4 |
_aОперни театри - Русе _9295149 |
|
| 650 | 4 |
_aРусе - култура _9251541 |
|
| 651 | 4 |
_aРусе _9179462 |
|
| 653 | _aОпера | ||
| 653 | _aРусе | ||
| 653 | _aистория | ||
| 659 | _aК | ||
| 659 | _aЯ | ||
| 700 | 1 |
_aВълчинова-Чендова, Елисавета Борисова _eред. _950105 |
|
| 852 | _aЦб 234034 | ||
| 852 | _aК 792/Ч 61 Г | ||
| 856 | 4 | _qpdf | |
| 856 | 4 | _qpdf | |
| 942 |
_cKNG _n0 _06 _s1 |
||
| 944 |
_aCR _c21.05.2007 _k30535 _lХристина Везирева |
||
| 944 |
_aED _c03.01.2008 |
||
| 999 | _d70871 | ||
| 999 | _d70871 | ||
| 999 | _d70871 | ||